|
|
|
|
| LEADER |
04106nam a22004093i 4500 |
| 001 |
EBC6750638 |
| 003 |
MiAaPQ |
| 005 |
20231204023219.0 |
| 006 |
m o d | |
| 007 |
cr cnu|||||||| |
| 008 |
231204s2018 xx o ||||0 eng d |
| 020 |
|
|
|a 9783839439135
|q (electronic bk.)
|
| 020 |
|
|
|z 9783837639131
|
| 035 |
|
|
|a (MiAaPQ)EBC6750638
|
| 035 |
|
|
|a (Au-PeEL)EBL6750638
|
| 035 |
|
|
|a (OCoLC)1054880372
|
| 040 |
|
|
|a MiAaPQ
|b eng
|e rda
|e pn
|c MiAaPQ
|d MiAaPQ
|
| 100 |
1 |
|
|a Föllmer, Golo.
|
| 245 |
1 |
0 |
|a Transnationalizing Radio Research :
|b New Approaches to an Old Medium.
|
| 250 |
|
|
|a 1st ed.
|
| 264 |
|
1 |
|a Bielefeld :
|b transcript,
|c 2018.
|
| 264 |
|
4 |
|c {copy}2018.
|
| 300 |
|
|
|a 1 online resource (314 pages)
|
| 336 |
|
|
|a text
|b txt
|2 rdacontent
|
| 337 |
|
|
|a computer
|b c
|2 rdamedia
|
| 338 |
|
|
|a online resource
|b cr
|2 rdacarrier
|
| 490 |
1 |
|
|a Edition Medienwissenschaft ;
|v v.42
|
| 505 |
0 |
|
|a Intro -- Contents -- Introduction: Transnationalizing Radio Research: New Encounters with an Old Medium -- Section 1: Asserting identity: Minorities' Use of Community Radio -- Community Radio and Transnational Identities -- Accented Radio in Miami and New Orleans -- Radio, Refugees and Migrants Workshop: TRE Conference, Utrecht, 2016 -- You Can't Tell My Story for Me! Community Media as a Means of Expression in Multilingual Local and Globalized Contexts -- Desi Radio by and for the Panjabi Community: Citizens' Media, Gender, and Participation -- Gaywaves: Transcending Boundaries - the Rise and Demise of Britain's First Gay Radio Program -- Section 2: Transnational Communities of Aesthetic Practice -- Transnational Encounters and Peregrinations of the Radio Documentary Imagination -- Production and Use of Packaging Elements in Radio: Concepts, Functions and Styles in Transnational Comparison -- Makrolab as an Apparatus for Global Observation -- Transcultural Audio Storytelling: When German, Australian and African Voices Meet -- Section 3: Staging Encounters: Translating Places and Identities -- A Transnational Approach to Radio Amateurism in the 1910s -- Radiophonic Cities The City Portrait in Transnational Radio Collaborations -- European Music? The International Broadcasting Union's 1930s Concert Series Concerts Européens -- From Enzensberger to Clausen: An Auditive Transformation -- Section 4: Doing Transnational Radio Research and the Digital Archive -- Transnational Radio Research and the Digital Archive: Promises and Pitfalls -- Cultural Memory in the Digital Age -- Worlding the Archive: Radio Collections, Heritage Frameworks, and Selection Principles -- Radio Diffusion: Re-collecting International Broadcasting in the Archive of Radio Netherlands Worldwide.
|
| 505 |
8 |
|
|a Promising Prospects, and the Hurdles Along the Way: Sharing and Archiving Community Media Content Online -- Section 5: Digital Radio Landscap es - Transnational Challenges, National Solutions? -- Making DAB Work: New Opportunities for Digital Radio in Europe -- Opening up the Debate: Irish Radio, Facebook, and the Creation of Transnational Cultural Public Spheres -- New Radio and Social Media: Public Service Radio Forms of User Participation and Inclusion -- The Role of Boundary Objects in Collaborative Radio Production -- Researching Podcast Production - an Australian Podcast Study About Women and Work in Are We There Yet? -- Surveying International Public Radio: Some Practical Insights -- Outro: The Future of Radio Studies.
|
| 588 |
|
|
|a Description based on publisher supplied metadata and other sources.
|
| 590 |
|
|
|a Electronic reproduction. Ann Arbor, Michigan : ProQuest Ebook Central, 2023. Available via World Wide Web. Access may be limited to ProQuest Ebook Central affiliated libraries.
|
| 655 |
|
4 |
|a Electronic books.
|
| 700 |
1 |
|
|a Badenoch, Alexander.
|
| 776 |
0 |
8 |
|i Print version:
|a Föllmer, Golo
|t Transnationalizing Radio Research
|d Bielefeld : transcript,c2018
|z 9783837639131
|
| 797 |
2 |
|
|a ProQuest (Firm)
|
| 830 |
|
0 |
|a Edition Medienwissenschaft
|
| 856 |
4 |
0 |
|u https://ebookcentral.proquest.com/lib/matrademy/detail.action?docID=6750638
|z Click to View
|